Bir dönem bir çocuk (Record no. 5102)

MARC details
000 -BAŞLIK
Sabit Uzunlukta Kontrol Alanı 00666na a2200241 4500
001 - KONTROL NUMARASI
Denetim Alanı 13791
003 - KONTROL NUMARASI IDENTIFIER
Denetim Alanı MIRAKIL
005 - SON İŞLEM TARİHİ VE ZAMANI
Denetim Alanı 20181213155027.0
008 - SABİT-BOY VERİ ELEMANLARI - GENEL BİLGİLER
Sabit Uzunlukta Kontrol Alanı 161003b tu 000 0
020 ## - ULUSLARARASI STANDART KİTAP NUMARASI
Uluslararası Standart Kitap Numarası 9752930409
035 ## - SİSTEM KONTROL NUMARASI
Sistem Kontrol Numarası 13791
040 ## - KATALOGLAMA KAYNAK
Orijinal Kataloglama Ajansı Milas
Kataloglama Dili tur
Metne Dönüştürmek Ajansı TR-AnCHP
082 ## - DEWEY ONLU SINIFLANDIRMA NUMARASI
Sınıflandırma Numarası 923.2 Öymen,A.
Ürün Numarası Ö95b 2004
090 ## - SINIFLAMA NUMARASI
Sınıflama Numarası 923.2 Öymen,A. Ö95b 2004
100 ## - ANA GİRİŞ - KİŞİSEL İSİM
Kişisel Ad Öymen, Altan
245 ## - BAŞLIK TABLOSU
Başlık Bir dönem bir çocuk
Sorumluluk Tablosu, Vb Altan Öymen
250 ## - EDITION TABLOSU
Baskı Beyanı 10 bs.
260 ## - YAYIN, DAĞITIM, VB
Yayın, Dağıtım, Vb Yeri İstanbul
Yayıncı, Dağıtıcı, Vs Adı Doğan Kitap
Yayın, Dağıtım, Vb Tarihi 2004
300 ## - FİZİKSEL TANIM
Kapsam 606 s.
Diğer Fiziksel Ayrıntıları fotğ.
Boyutlar 24 sm.
600 ## - KONU KATMA GİRİŞ - KURUMSAL ADI
Kişisel Ad Öymen, Altan
Bir Adıyla İlişkilendirilen Tarihler 1932-
Genel Alt Bölümü Yaşamöyküsü
650 ## - KONU KATMA GİRİŞ - TOPİKAL DÖNEM
Topikal Süreli Veya Coğrafi Ad Giriş Elemanı Politikacılar
Genel Alt Bölümü Anılar
Coğrafi Alt Bölümü Türkiye
942 ## - EKLENDİ GİRİŞ ELEMANLARI (KOHA)
Sınıflandırma Veya Raf Düzeni Kaynak Dewey Decimal Classification
Koha Öğesi Türü Books
999 ## - SİSTEM KONTROL NUMARALARI (KOHA)
Koha Biblionumber 5102
Koha Biblioitemnumber 5102
Holdings
Kalıcı Konum Mevcut Konum Edinme Tarihi Edinim Kaynak Toplam Check-Out'Lar Tam Çağrı Numarası Barkod Tarih Son Görülme İtibaren Geçerli Fiyatlar Koha Öğesi Türü
CHP Kütüphanesi CHP Kütüphanesi 08/17/2016 Bağış   923.2 Öymen,A. Ö95b 2004 001329 08/17/2016 08/17/2016 Books